| 000 | 01132cam a22003257a 4500 | ||
|---|---|---|---|
| 003 | CHAP | ||
| 005 | 20220329141558.0 | ||
| 008 | 971013s1964 r 00010 d | ||
| 010 | _a70448 | ||
| 011 | _a71420 | ||
| 035 | _a80974 | ||
| 040 | _cCHAP | ||
| 082 |
_a634.9751 _bC4 |
||
| 100 | 0 | 0 |
_aChararas, Constantin. _921950 |
| 245 | 1 | 3 | _aLe pin maritime ; dépérissement général dans le Var ; étude du rôle des insectes, des conditions climatiques, des facteurs biologiques |
| 260 |
_aParis : _bLechevalier, _c1964 |
||
| 300 |
_a126 p. _b: ilus. ; láms. |
||
| 490 | 0 |
_aEncyclopédie entomologique _v; 40 |
|
| 590 |
_aBATCH-UPD _b10 _c20130110 _lUCH01 _h0454 |
||
| 590 |
_aBATCH-UPD _b10 _c20130110 _lUCH01 _h2143 |
||
| 590 |
_aBATCH-UPD _b10 _c20130410 _lUCH01 _h0132 |
||
| 590 |
_aBATCH-UPD _b10 _c20130914 _lUCH01 _h1034 |
||
| 590 |
_aCONVERSION _b10 _c20130109 _lUCH01 _h1339 |
||
| 650 | 1 | 4 |
_aConíferas _xPlagas. _927244 |
| 650 | 1 | 4 |
_aPinus maritima. _988347 |
| 830 | 0 |
_aEncyclopédie entomologique _v; 40 _936856 |
|
| 901 | _aBK | ||
| 942 | _cLIBRO | ||
| 949 |
_a634.9751 C4 _bBC _cLIBRO _d33724000255535 _eLIBRO _h33712 _i80974 _si |
||
| 999 |
_c70448 _d70448 |
||